[Event "Oberliga Baden 2223"]
[Site "Germany"]
[Date "2023.04.23"]
[Round "9.6"]
[White "Fuchs, Heinz"]
[Black "Erismann, Peter"]
[Result "1/2-1/2"]
[WhiteElo "2257"]
[BlackElo "2064"]
[PlyCount "55"]
[EventDate "2022.09.18"]
[EventType "team-tourn"]
[EventRounds "9"]
[EventCountry "GER"]
[SourceTitle "EXT 2024"]
[Source "ChessBase"]
[SourceDate "2023.10.10"]
[SourceVersion "1"]
[SourceVersionDate "2023.10.10"]
[SourceQuality "1"]
[WhiteTeam "Untergrombach"]
[BlackTeam "Brombach"]
[WhiteTeamCountry "GER"]
[BlackTeamCountry "GER"]

1. c4 c5 2. Nf3 Nc6 3. Nc3 g6 4. e3 Nf6 5. d4 cxd4 6. exd4 d5 7. cxd5 Nxd5 8. Bc4 Nxc3 9. Qb3 Nd5 10. Bxd5 e6 11. Bxc6+ bxc6 12. 0-0 Qd5 13. Qc3 Bg7 14. Bf4 0-0 15. Rfc1 Rd8 16. Be5 Bxe5 17. dxe5 Bb7 18. Qe3 c5 19. Rxc5 Qd3 20. Qxd3 Rxd3 21. Rac1 Bxf3 22. gxf3 Rd2 23. Rc8+ Rxc8 24. Rxc8+ Kg7 25. Rb8 g5 26. a4 a5 27. Rb5 Kg6 28. Kf1 1/2-1/2

[Event "Oberliga Baden 2122"]
[Site "Germany"]
[Date "2022.03.20"]
[Round "9.2"]
[White "Rakotomaharo, Fy Antenaina"]
[Black "Fuchs, Heinz"]
[Result "1/2-1/2"]
[WhiteElo "2471"]
[BlackElo "2242"]
[PlyCount "74"]
[EventDate "2021.10.10"]
[EventType "team-tourn"]
[EventRounds "11"]
[EventCountry "GER"]
[SourceTitle "EXT 2023"]
[Source "ChessBase"]
[SourceDate "2022.10.05"]
[SourceVersion "1"]
[SourceVersionDate "2022.10.05"]
[SourceQuality "1"]
[WhiteTeam "Bad Mergentheim"]
[BlackTeam "Untergrombach"]
[WhiteTeamCountry "GER"]
[BlackTeamCountry "GER"]

1. e4 c5 2. Nf3 e6 3. d4 cxd4 4. Nxd4 Nc6 5. Nc3 Qc7 6. g3 a6 7. Bg2 Nf6 8. 0-0 Be7 9. Re1 0-0 10. Nxc6 bxc6 11. e5 Nd5 12. Ne4 Qxe5 13. c4 Nf6 14. Bf4 Qxb2 15. Nd6 Qa3 16. Re3 Qc5 17. Rd3 Ne8 18. Nxc8 Rxc8 19. Rxd7 Bg5 20. Bxg5 Qxg5 21. Qa4 Nf6 22. Ra7 Qc5 23. Rxa6 Ng4 24. Rf1 Ne5 25. Re1 Nd3 26. Re2 Nb4 27. Ra5 Qxc4 28. Bf1 Qc3 29. a3 Nd5 30. Rc2 Qe1 31. Rac5 Ra8 32. Qb3 Rad8 33. Qc4 Ne7 34. Rc1 Qd2 35. Rc2 Qd1 36. Rc1 Qd2 37. Rc2 Qd1 1/2-1/2

[Event "Oberliga Baden 2122"]
[Site "Germany"]
[Date "2022.03.06"]
[Round "8.3"]
[White "Eisenbeiser, Amadeus"]
[Black "Fuchs, Heinz"]
[Result "1-0"]
[WhiteElo "2389"]
[BlackElo "2242"]
[PlyCount "55"]
[EventDate "2021.10.10"]
[EventType "team-tourn"]
[EventRounds "11"]
[EventCountry "GER"]
[SourceTitle "EXT 2023"]
[Source "ChessBase"]
[SourceDate "2022.10.05"]
[SourceVersion "1"]
[SourceVersionDate "2022.10.05"]
[SourceQuality "1"]
[WhiteTeam "Buchen"]
[BlackTeam "Untergrombach"]
[WhiteTeamCountry "GER"]
[BlackTeamCountry "GER"]

1. e4 c5 2. Nf3 e6 3. d4 cxd4 4. Nxd4 a6 5. Bd3 Nf6 6. 0-0 d6 7. Nc3 Be7 8. Kh1 Nbd7 9. f4 Qc7 10. Qe2 b5 11. Bd2 0-0 12. b4 g6 13. a4 bxa4 14. Nxa4 e5 15. Nb3 exf4 16. Bxf4 Ne5 17. Be3 Nfd7 18. Na5 Bf6 19. Ra3 Bg7 20. Nc3 Nb6 21. Bxb6 Qxb6 22. Nd5 Qd8 23. Nc4 Nxd3 24. Rxd3 Be6 25. Nxd6 Qb8 26. Qd2 Be5 27. Ne7+ Kg7 28. Nc6 1-0

[Event "Oberliga Baden 2122"]
[Site "Germany"]
[Date "2021.10.24"]
[Round "2.3"]
[White "Wagner, Dinara"]
[Black "Fuchs, Heinz"]
[Result "1-0"]
[WhiteElo "2327"]
[BlackElo "2242"]
[PlyCount "139"]
[EventDate "2021.10.10"]
[EventType "team-tourn"]
[EventRounds "11"]
[EventCountry "GER"]
[SourceTitle "EXT 2023"]
[Source "ChessBase"]
[SourceDate "2022.10.05"]
[SourceVersion "1"]
[SourceVersionDate "2022.10.05"]
[SourceQuality "1"]
[WhiteTeam "Hockenheim"]
[BlackTeam "Untergrombach"]
[WhiteTeamCountry "GER"]
[BlackTeamCountry "GER"]

1. d4 Nf6 2. Nf3 g6 3. c4 Bg7 4. g3 0-0 5. Bg2 d6 6. Nc3 Nbd7 7. 0-0 e5 8. e4 c6 9. h3 Qb6 10. Re1 exd4 11. Nxd4 Re8 12. Nc2 Qc7 13. Be3 Ne5 14. b3 Nfd7 15. Nd4 Nc5 16. Qc2 a5 17. Rad1 Qb6 18. Nde2 Qb4 19. f4 Ned7 20. Bd2 Qb6 21. Kh2 Nf6 22. Ng1 Qc7 23. Be3 Nfd7 24. Bf2 h5 25. Nge2 Ne6 26. Qd2 Bf8 27. Nd4 Nec5 28. Nf3 Nf6 29. Qc2 Nfd7 30. Re2 Bg7 31. Nd4 Qb6 32. Red2 Qb4 33. Nde2 Bf8 34. Rb1 a4 35. Nd4 Bg7 36. Rdd1 axb3 37. axb3 Bf8 38. Be1 Qb6 39. b4 Ne6 40. Nf3 Qc7 41. Bf2 Be7 42. Qd2 Kh7 43. Ra1 Rxa1 44. Rxa1 Bf6 45. Rd1 Rd8 46. Ne2 Nb6 47. Qc2 Nd7 48. g4 hxg4 49. hxg4 Kg8 50. Bg3 Qb6 51. g5 Be7 52. Qd2 Ng7 53. Nfd4 Nf8 54. Bf3 Bd7 55. Kg2 Ra8 56. Rb1 Ra4 57. Nc2 c5 58. Nc3 Ra8 59. Nd5 Qd8 60. Nce3 Be6 61. Nxe7+ Qxe7 62. Qb2 cxb4 63. Be1 Ra3 64. Kf2 Rxe3 65. Kxe3 Bxc4 66. Qxb4 b5 67. Bc3 Nfe6 68. Qa3 Qb7 69. Qxd6 Qa7+ 70. Bd4 1-0

[Event "GER-ch Net Amateur Gr-A Vor2"]
[Site "Playchess.com INT"]
[Date "2020.04.15"]
[Round "1"]
[White "Burian, Simon"]
[Black "Fuchs, Heinz"]
[Result "0-1"]
[WhiteElo "1839"]
[BlackElo "2119"]
[PlyCount "56"]
[EventDate "2020.04.15"]
[EventType "swiss (blitz)"]
[EventRounds "9"]
[EventCountry "GER"]
[SourceTitle "CBM 196 Extra"]
[Source "ChessBase"]
[SourceDate "2020.07.31"]
[SourceVersion "1"]
[SourceVersionDate "2020.07.31"]
[SourceQuality "1"]

1. e4 c5 2. Nf3 e6 3. d4 cxd4 4. Nxd4 a6 5. c4 Nf6 6. Nc3 Bb4 7. Qd3 Nc6 8. Nxc6 dxc6 9. Qxd8+ Kxd8 10. e5 Ne4 11. a3 Bxc3+ 12. bxc3 Nxc3 13. Bd3 Na4 14. Bd2 Nc5 15. Bc2 Nd7 16. Bc3 b5 17. cxb5 axb5 18. Ke2 Kc7 19. Rhd1 c5 20. Be4 Ra4 21. f3 Ba6 22. Kf2 Rc4 23. Ba5+ Kc8 24. Rd6 Nb8 25. Rad1 Rd4 26. R1xd4 cxd4 27. Rxd4 Bb7 28. Bc6 Nxc6 0-1

[Event "GER-ch Net Amateur Gr-A Vor2"]
[Site "Playchess.com INT"]
[Date "2020.04.15"]
[Round "2"]
[White "Fuchs, Heinz"]
[Black "Deuer, Marius"]
[Result "1-0"]
[WhiteElo "2119"]
[BlackElo "1919"]
[PlyCount "83"]
[EventDate "2020.04.15"]
[EventType "swiss (blitz)"]
[EventRounds "9"]
[EventCountry "GER"]
[SourceTitle "CBM 196 Extra"]
[Source "ChessBase"]
[SourceDate "2020.07.31"]
[SourceVersion "1"]
[SourceVersionDate "2020.07.31"]
[SourceQuality "1"]

1. c4 Nf6 2. Nc3 c5 3. Nf3 d5 4. cxd5 Nxd5 5. e4 Nc7 6. d4 cxd4 7. Qxd4 Qxd4 8. Nxd4 e5 9. Ndb5 Nxb5 10. Nxb5 Bb4+ 11. Bd2 Bxd2+ 12. Kxd2 Na6 13. Rc1 0-0 14. Nc7 Nxc7 15. Rxc7 Rd8+ 16. Bd3 Be6 17. Rhc1 Bxa2 18. Rxb7 Rab8 19. Rxb8 Rxb8 20. b4 Be6 21. b5 Rc8 22. Rc6 Rxc6 23. bxc6 Bc8 24. Kc3 Kf8 25. Kb4 Ke7 26. Kc5 a5 27. Bc2 f6 28. Bb3 Kd8 29. Kd6 Ke8 30. g3 Ba6 31. Ba4 Bc8 32. c7+ Kf8 33. Bd7 Bb7 34. c8Q+ Bxc8 35. Bxc8 Kf7 36. Be6+ Kg6 37. f4 exf4 38. gxf4 h5 39. Bb3 h4 40. e5 Kf5 41. e6 Kxf4 42. e7 1-0

[Event "GER-ch Net Amateur Gr-A Vor2"]
[Site "Playchess.com INT"]
[Date "2020.04.15"]
[Round "3"]
[White "Fuchs, Heinz"]
[Black "Gallasch, Jonas"]
[Result "0-1"]
[WhiteElo "2119"]
[BlackElo "2005"]
[PlyCount "54"]
[EventDate "2020.04.15"]
[EventType "swiss (blitz)"]
[EventRounds "9"]
[EventCountry "GER"]
[SourceTitle "CBM 196 Extra"]
[Source "ChessBase"]
[SourceDate "2020.07.31"]
[SourceVersion "1"]
[SourceVersionDate "2020.07.31"]
[SourceQuality "1"]

1. c4 c5 2. Nf3 Nc6 3. Nc3 g6 4. e3 Nf6 5. d4 cxd4 6. exd4 d5 7. cxd5 Nxd5 8. Qb3 Nxc3 9. Bc4 Nd5 10. Bxd5 e6 11. Bxc6+ bxc6 12. 0-0 Qd5 13. Qc3 f6 14. Bf4 Bd7 15. Rac1 Kf7 16. a3 a5 17. Rfe1 Be7 18. Rf1 g5 19. Rfe1 gxf4 20. Nd2 Rhg8 21. f3 Rab8 22. Nc4 a4 23. Re2 Rb3 24. Qd2 Bc8 25. Qxf4 Ba6 26. Ne5+ Ke8 27. Rxc6 fxe5 0-1

[Event "GER-ch Net Amateur Gr-A Vor2"]
[Site "Playchess.com INT"]
[Date "2020.04.15"]
[Round "8"]
[White "Fuchs, Heinz"]
[Black "Loew, Gerald"]
[Result "1-0"]
[WhiteElo "2119"]
[BlackElo "2097"]
[PlyCount "85"]
[EventDate "2020.04.15"]
[EventType "swiss (blitz)"]
[EventRounds "9"]
[EventCountry "GER"]
[SourceTitle "CBM 196 Extra"]
[Source "ChessBase"]
[SourceDate "2020.07.31"]
[SourceVersion "1"]
[SourceVersionDate "2020.07.31"]
[SourceQuality "1"]

1. c4 e5 2. Nc3 d6 3. Nf3 f5 4. d4 e4 5. Ng5 Be7 6. Nh3 Nf6 7. Nf4 0-0 8. h4 c6 9. b4 a5 10. b5 d5 11. e3 Bb4 12. Bd2 Bxc3 13. Bxc3 Nbd7 14. a4 Nb6 15. c5 Nc4 16. Qb3 Kh8 17. h5 Qe8 18. Bxc4 dxc4 19. Qxc4 Nd5 20. g3 Be6 21. Nxe6 Qxe6 22. Bd2 h6 23. Rb1 Qf6 24. Qe2 Qg5 25. Kf1 Rae8 26. Rh4 Re6 27. bxc6 bxc6 28. Rb7 Ref6 29. Rb2 R6f7 30. Qa6 Qf6 31. Rb7 f4 32. Rxf7 Rxf7 33. exf4 Qxd4 34. Qe2 Qxa4 35. Kg2 Qa2 36. Rg4 a4 37. Qe1 a3 38. Bc3 Nf6 39. Rg6 Nxh5 40. Be5 Nf6 41. Qc3 Qe6 42. Qxa3 Nd5 43. Rxe6 1-0

[Event "GER-ch Net Amateur Gr-A Vor2"]
[Site "Playchess.com INT"]
[Date "2020.04.15"]
[Round "4"]
[White "Quante, Lennart"]
[Black "Fuchs, Heinz"]
[Result "1-0"]
[WhiteElo "1911"]
[BlackElo "2119"]
[PlyCount "141"]
[EventDate "2020.04.15"]
[EventType "swiss (blitz)"]
[EventRounds "9"]
[EventCountry "GER"]
[SourceTitle "CBM 196 Extra"]
[Source "ChessBase"]
[SourceDate "2020.07.31"]
[SourceVersion "1"]
[SourceVersionDate "2020.07.31"]
[SourceQuality "1"]

1. e4 c5 2. Nf3 e6 3. c3 d5 4. exd5 Qxd5 5. d4 Nf6 6. Bb5+ Bd7 7. Bxd7+ Nbxd7 8. 0-0 Be7 9. dxc5 Nxc5 10. Qe2 Qd3 11. Qxd3 Nxd3 12. Rd1 Nxc1 13. Rxc1 0-0 14. Nbd2 Rfd8 15. Rd1 Nd5 16. Nb3 a5 17. c4 Nb6 18. Rxd8+ Bxd8 19. Nc5 Nxc4 20. Nxb7 Bf6 21. Rc1 Nxb2 22. Nxa5 h6 23. Nc4 Nxc4 24. Rxc4 Rxa2 25. g3 g5 26. h3 Kg7 27. Kg2 Bd8 28. Rd4 Bb6 29. Rd2 Ra5 30. Rb2 Bc7 31. Rc2 Bd6 32. Rd2 Bc5 33. Rc2 f5 34. Ne5 Bd4 35. Nc6 Ra4 36. Rd2 Bc5 37. Ne5 Ra7 38. Rd7+ Rxd7 39. Nxd7 Bd4 40. Nb8 Kg6 41. Nc6 Kf6 42. Nxd4 e5 43. Nb5 e4 44. Kf1 Ke5 45. Ke2 f4 46. g4 Kd5 47. Nc7+ Kd4 48. Ne6+ Ke5 49. Ng7 Kf6 50. Ne8+ Ke7 51. Nc7 Kd6 52. Nb5+ Kc5 53. Na3 Kd4 54. Nc2+ Kc3 55. Ne1 Kd4 56. f3 e3 57. Nd3 Kd5 58. Nb4+ Kc4 59. Nc6 Kd5 60. Ne7+ Ke6 61. Nf5 h5 62. Ng7+ Kf6 63. Nxh5+ Kg6 64. Ke1 Kf7 65. Ke2 Kg6 66. Ng3 fxg3 67. Kxe3 Kf6 68. Ke2 Ke5 69. Kf1 Kd4 70. Kg2 Ke5 71. Kxg3 1-0

[Event "Oberliga Baden 1920"]
[Site "Baden"]
[Date "2020.01.19"]
[Round "5.4"]
[White "Werner, Clemens"]
[Black "Fuchs, Heinz"]
[Result "1/2-1/2"]
[WhiteElo "2286"]
[BlackElo "2252"]
[PlyCount "48"]
[EventDate "2019.09.29"]
[EventType "team-tourn"]
[EventRounds "9"]
[EventCountry "GER"]
[SourceTitle "CBM 195 Extra"]
[Source "ChessBase"]
[SourceDate "2020.05.31"]
[SourceVersion "1"]
[SourceVersionDate "2020.05.31"]
[SourceQuality "1"]
[WhiteTeam "Ettlingen"]
[BlackTeam "Untergrombach"]
[WhiteTeamCountry "GER"]
[BlackTeamCountry "GER"]

1. e4 c5 2. Nf3 e6 3. c3 Nf6 4. e5 Nd5 5. Bc4 d6 6. 0-0 Nc6 7. d4 cxd4 8. cxd4 Be7 9. Bd2 0-0 10. Nc3 Nb6 11. Bb3 dxe5 12. dxe5 Na5 13. Bc2 Nac4 14. Bc1 Qc7 15. Re1 Bd7 16. Qe2 Bc6 17. Ng5 g6 18. Nxh7 Kxh7 19. Qh5+ Kg8 20. Bxg6 fxg6 21. Qxg6+ Kh8 22. Qh5+ Kg8 23. Qg4+ Kh8 24. Qh5+ Kg8 1/2-1/2

[Event "Oberliga Baden 1819"]
[Site "Baden"]
[Date "2018.11.25"]
[Round "3.2"]
[White "Riehle, Marco"]
[Black "Fuchs, Heinz"]
[Result "1/2-1/2"]
[WhiteElo "2265"]
[BlackElo "2240"]
[PlyCount "93"]
[EventDate "2018.10.21"]
[EventType "team-tourn"]
[EventRounds "9"]
[EventCountry "GER"]
[SourceTitle "EXT 2020"]
[Source "ChessBase"]
[SourceDate "2019.10.17"]
[SourceVersion "1"]
[SourceVersionDate "2019.10.17"]
[SourceQuality "1"]
[WhiteTeam "Sasbach"]
[BlackTeam "Untergrombach"]
[WhiteTeamCountry "GER"]
[BlackTeamCountry "GER"]

1. e4 c5 2. Nf3 Nc6 3. d4 cxd4 4. Nxd4 Nf6 5. Nc3 d6 6. f3 e5 7. Nb3 Be7 8. Be3 0-0 9. Be2 Be6 10. Nd5 Bxd5 11. exd5 Nb4 12. c4 Nh5 13. Qd2 Na6 14. 0-0 Qd7 15. Na5 f5 16. b4 Nf4 17. Bxf4 exf4 18. Rad1 Rf6 19. a3 Bd8 20. c5 dxc5 21. d6 Bxa5 22. Bxa6 Bb6 23. Qd5+ Kh8 24. bxc5 Bxc5+ 25. Qxc5 bxa6 26. Rfe1 Rf7 27. Qd5 Raf8 28. Rc1 Qd8 29. Rc6 h6 30. h3 Rd7 31. Re6 Rf6 32. Qe5 Rxe6 33. Qxe6 a5 34. a4 Kh7 35. Qxf5+ Kh8 36. Qe6 Kh7 37. Qf5+ Kg8 38. Qd5+ Kh8 39. Qc5 Qf6 40. Qd5 Kh7 41. Qe4+ g6 42. Qe8 Rb7 43. Rc7+ Rxc7 44. dxc7 Qb6+ 45. Kh2 Qxc7 46. h4 h5 47. Qf8 1/2-1/2

[Event "Oberliga Baden 1819"]
[Site "Baden"]
[Date "2018.11.11"]
[Round "2.3"]
[White "Lanka, Zigurds"]
[Black "Fuchs, Heinz"]
[Result "1/2-1/2"]
[WhiteElo "2421"]
[BlackElo "2240"]
[PlyCount "70"]
[EventDate "2018.10.21"]
[EventType "team-tourn"]
[EventRounds "9"]
[EventCountry "GER"]
[SourceTitle "EXT 2020"]
[Source "ChessBase"]
[SourceDate "2019.10.17"]
[SourceVersion "1"]
[SourceVersionDate "2019.10.17"]
[SourceQuality "1"]
[WhiteTeam "Viernheim II"]
[BlackTeam "Untergrombach"]
[WhiteTeamCountry "GER"]
[BlackTeamCountry "GER"]

1. e4 c5 2. Nf3 e6 3. d4 cxd4 4. Nxd4 a6 5. Nc3 Qc7 6. Bd3 Nf6 7. f4 d6 8. Qf3 b5 9. g4 Bb7 10. Be3 Nfd7 11. 0-0-0 Nc5 12. Kb1 Nbd7 13. a3 Rc8 14. g5 Qa5 15. Na2 Qc7 16. h4 e5 17. Nf5 g6 18. Nh6 Bxh6 19. gxh6 f5 20. Qh3 Nxe4 21. h5 Ndf6 22. hxg6 hxg6 23. Rhg1 Kf7 24. fxe5 dxe5 25. Rxg6 Kxg6 26. Rg1+ Ng4 27. Rxg4+ fxg4 28. Qxg4+ Kf7 29. Bxe4 Bxe4 30. Qxe4 Qc6 31. Qf5+ Qf6 32. Qd7+ Qe7 33. Qf5+ Qf6 34. Qd7+ Qe7 35. Qf5+ Qf6 1/2-1/2

[Event "BL2-Sued 1718"]
[Site "Germany"]
[Date "2018.02.04"]
[Round "8.4"]
[White "Fuchs, Heinz"]
[Black "Baklan, Vladimir"]
[Result "0-1"]
[WhiteElo "2251"]
[BlackElo "2600"]
[PlyCount "44"]
[EventDate "2017.10.21"]
[EventType "team-tourn"]
[EventRounds "10"]
[EventCountry "GER"]
[SourceTitle "CBM 183 Extra"]
[Source "ChessBase"]
[SourceDate "2018.04.19"]
[SourceVersion "1"]
[SourceVersionDate "2018.04.19"]
[SourceQuality "1"]
[WhiteTeam "Untergrombach"]
[BlackTeam "Emmendingen"]
[WhiteTeamCountry "GER"]
[BlackTeamCountry "GER"]

1. d4 e6 2. c4 Bb4+ 3. Bd2 a5 4. Nf3 Nf6 5. Qc2 d6 6. Nc3 Nbd7 7. a3 Bxc3 8. Bxc3 0-0 9. e3 b6 10. Be2 Bb7 11. 0-0 Ne4 12. b4 f5 13. Bb2 Rf6 14. d5 Rh6 15. dxe6 Nf8 16. c5 bxc5 17. bxc5 Nxc5 18. Qxf5 Nfxe6 19. g3 Qe7 20. Nd4 Rf8 21. Qg4 Rg6 22. Qh5 Ng5 0-1

[Event "Untergrombach op 34th"]
[Site "Untergrombach"]
[Date "2017.01.06"]
[Round "6"]
[White "Naundorf, Maik"]
[Black "Fuchs, Heinz"]
[Result "1/2-1/2"]
[WhiteElo "2146"]
[BlackElo "2257"]
[PlyCount "31"]
[EventDate "2017.01.03"]
[EventType "swiss"]
[EventRounds "7"]
[EventCountry "GER"]
[SourceTitle "CBM 176 Extra"]
[Source "ChessBase"]
[SourceDate "2017.03.02"]
[SourceVersion "1"]
[SourceVersionDate "2017.03.02"]
[SourceQuality "1"]

1. c4 Nf6 2. g3 c6 3. Bg2 d5 4. Nf3 Bg4 5. Ne5 Bh5 6. cxd5 cxd5 7. Qa4+ Nbd7 8. Nc3 e6 9. g4 Bg6 10. h4 h6 11. Nxg6 fxg6 12. Qc2 Kf7 13. h5 gxh5 14. gxh5 Be7 15. Qg6+ Kf8 16. d4 1/2-1/2

[Event "Untergrombach op 34th"]
[Site "Untergrombach"]
[Date "2017.01.04"]
[Round "3"]
[White "Fuchs, Heinz"]
[Black "Hartmann, Martin"]
[Result "1-0"]
[WhiteElo "2257"]
[BlackElo "1998"]
[PlyCount "93"]
[EventDate "2017.01.03"]
[EventType "swiss"]
[EventRounds "7"]
[EventCountry "GER"]
[SourceTitle "CBM 176 Extra"]
[Source "ChessBase"]
[SourceDate "2017.03.02"]
[SourceVersion "1"]
[SourceVersionDate "2017.03.02"]
[SourceQuality "1"]

1. c4 c5 2. Nf3 Nf6 3. Nc3 d5 4. cxd5 Nxd5 5. e4 Nc7 6. d4 cxd4 7. Nxd4 e5 8. Ndb5 Qxd1+ 9. Kxd1 Nxb5 10. Nxb5 Na6 11. Be3 b6 12. Rc1 Bd7 13. Bd3 Be7 14. Ke2 0-0 15. Nc7 Nxc7 16. Rxc7 Rfd8 17. Rd1 Bd6 18. Rcc1 Be6 19. Bc4 Bxc4+ 20. Rxc4 Kf8 21. a4 Ke7 22. Rdc1 Kd7 23. b4 Rac8 24. Kd3 Rxc4 25. Rxc4 Rb8 26. b5 Rb7 27. g3 Rb8 28. h3 Rb7 29. f4 f6 30. f5 Be7 31. Rc6 h6 32. Kc4 Bd6 33. Kd5 Be7 34. g4 Rb8 35. h4 Bf8 36. g5 hxg5 37. hxg5 Be7 38. Rc2 Rh8 39. gxf6 gxf6 40. a5 Rh3 41. axb6 Rxe3 42. Rc7+ Kd8 43. bxa7 Ra3 44. b6 Ra5+ 45. Ke6 Ra6 46. Rd7+ Kc8 47. a8Q+ 1-0

[Event "Untergrombach op 34th"]
[Site "Untergrombach"]
[Date "2017.01.04"]
[Round "2"]
[White "Medvedovski, Michael"]
[Black "Fuchs, Heinz"]
[Result "1/2-1/2"]
[WhiteElo "2018"]
[BlackElo "2257"]
[PlyCount "85"]
[EventDate "2017.01.03"]
[EventType "swiss"]
[EventRounds "7"]
[EventCountry "GER"]
[SourceTitle "CBM 176 Extra"]
[Source "ChessBase"]
[SourceDate "2017.03.02"]
[SourceVersion "1"]
[SourceVersionDate "2017.03.02"]
[SourceQuality "1"]

1. e4 c5 2. Nf3 e6 3. Nc3 a6 4. d4 cxd4 5. Nxd4 Qc7 6. Be2 Nf6 7. a3 Be7 8. f4 d6 9. 0-0 Nc6 10. Be3 0-0 11. Qe1 Bd7 12. Kh1 Nxd4 13. Bxd4 Bc6 14. Qg3 b5 15. Rae1 Rad8 16. Bd3 Qb7 17. Qh3 Ne8 18. Re3 Qd7 19. e5 g6 20. Qh6 f5 21. Rfe1 dxe5 22. Bxe5 Bc5 23. R3e2 Nf6 24. h3 Rf7 25. Qh4 Be7 26. Qf2 Ne4 27. Nxe4 Bxe4 28. Qb6 Ra8 29. Kh2 Bd8 30. Qd4 Rc8 31. a4 Qc6 32. axb5 axb5 33. Ra1 Rb7 34. Qb4 Be7 35. Qd2 Bd5 36. b3 Bf8 37. Ra5 Rb6 38. Bb2 b4 39. Qe3 Bg7 40. Bxg7 Kxg7 41. Ra7+ Rb7 42. Ra4 Rcb8 43. g3 1/2-1/2

[Event "Untergrombach op 34th"]
[Site "Untergrombach"]
[Date "2017.01.03"]
[Round "1"]
[White "Fuchs, Heinz"]
[Black "Zschorsch, Peter"]
[Result "1-0"]
[WhiteElo "2257"]
[BlackElo "1899"]
[PlyCount "59"]
[EventDate "2017.01.03"]
[EventType "swiss"]
[EventRounds "7"]
[EventCountry "GER"]
[SourceTitle "CBM 176 Extra"]
[Source "ChessBase"]
[SourceDate "2017.03.02"]
[SourceVersion "1"]
[SourceVersionDate "2017.03.02"]
[SourceQuality "1"]

1. c4 Nf6 2. Nc3 d5 3. cxd5 Nxd5 4. Nf3 Nc6 5. g3 e5 6. Bg2 Nxc3 7. bxc3 Bd6 8. 0-0 0-0 9. d4 exd4 10. cxd4 Bg4 11. h3 Bxf3 12. Bxf3 Qd7 13. Kg2 Rad8 14. Bb2 Be7 15. e3 Bf6 16. Qa4 Rfe8 17. Rac1 Ne7 18. Qb3 c6 19. Rfd1 Bg5 20. Rc5 Bh6 21. e4 b6 22. Rc2 g6 23. d5 cxd5 24. exd5 Nf5 25. d6 Rc8 26. Rxc8 Rxc8 27. Bg4 Rc5 28. Ba3 Re5 29. Qc3 f6 30. Qc7 1-0

[Event "BL2-Sued 1516"]
[Site "Germany"]
[Date "2015.12.13"]
[Round "4.6"]
[White "Fuchs, Heinz"]
[Black "Lang, Torsten"]
[Result "0-1"]
[WhiteElo "2305"]
[BlackElo "2304"]
[PlyCount "64"]
[EventDate "2015.09.20"]
[EventType "team-tourn"]
[EventRounds "9"]
[EventCountry "GER"]
[SourceTitle "EXT 2017"]
[Source "ChessBase"]
[SourceDate "2016.10.25"]
[SourceVersion "1"]
[SourceVersionDate "2016.10.25"]
[SourceQuality "1"]
[WhiteTeam "Untergrombach"]
[BlackTeam "Landau"]
[WhiteTeamCountry "GER"]
[BlackTeamCountry "GER"]

1. d4 g6 2. c4 Bg7 3. Nc3 Nf6 4. e4 d6 5. Nf3 0-0 6. Be2 e5 7. 0-0 exd4 8. Nxd4 Re8 9. f3 c6 10. Kh1 Nbd7 11. Bf4 Ne5 12. Qd2 a5 13. b3 Qe7 14. Rad1 Nh5 15. Bg5 f6 16. Be3 f5 17. Bg5 Bf6 18. Bxf6 Qxf6 19. exf5 gxf5 20. g4 Ng7 21. gxf5 Bxf5 22. Nxf5 Qxf5 23. Qxd6 Re6 24. Qc5 Rh6 25. Qf2 Rf8 26. Ne4 Kh8 27. Ng3 Qh3 28. Qg2 Qh4 29. c5 Ne6 30. Rd6 Rg8 31. Nf5 Rxg2 32. Nxh4 Rxe2 0-1

[Event "BL2-Sued 1415"]
[Site "Germany"]
[Date "2015.01.18"]
[Round "5.5"]
[White "Fuchs, Heinz"]
[Black "Felgendreher, Heiko"]
[Result "1-0"]
[WhiteElo "2353"]
[BlackElo "2236"]
[PlyCount "57"]
[EventDate "2014.09.21"]
[EventType "team-tourn"]
[EventRounds "9"]
[EventCountry "GER"]
[SourceTitle "CBM 166 Extra"]
[Source "ChessBase"]
[SourceDate "2015.06.18"]
[SourceVersion "1"]
[SourceVersionDate "2015.06.18"]
[SourceQuality "1"]
[WhiteTeam "Untergrombach"]
[BlackTeam "Moerlenbach Birkenau"]
[WhiteTeamCountry "GER"]
[BlackTeamCountry "GER"]

1. d4 Nf6 2. c4 g6 3. Nc3 d5 4. cxd5 Nxd5 5. e4 Nxc3 6. bxc3 Bg7 7. Nf3 c5 8. Be3 Nc6 9. Rc1 Qa5 10. Qd2 0-0 11. Bh6 cxd4 12. Bxg7 Kxg7 13. cxd4 Qxd2+ 14. Kxd2 Rd8 15. Ke3 f5 16. Bd3 e6 17. h4 h6 18. Bb5 Ne7 19. Rc7 Kf8 20. Ne5 a6 21. Bd3 f4+ 22. Kxf4 Rxd4 23. Ke3 Ra4 24. h5 Ke8 25. hxg6 Kd8 26. Rc2 Ra5 27. f4 h5 28. Rxh5 Nxg6 29. Nf7+ 1-0

[Event "BL2-Sued 1415"]
[Site "Germany"]
[Date "2014.09.21"]
[Round "1.3"]
[White "Farago, Ivan"]
[Black "Fuchs, Heinz"]
[Result "1-0"]
[WhiteElo "2443"]
[BlackElo "2353"]
[PlyCount "83"]
[EventDate "2014.09.21"]
[EventType "team-tourn"]
[EventRounds "9"]
[EventCountry "GER"]
[SourceTitle "CBM 166 Extra"]
[Source "ChessBase"]
[SourceDate "2015.06.18"]
[SourceVersion "1"]
[SourceVersionDate "2015.06.18"]
[SourceQuality "1"]
[WhiteTeam "Griesheim"]
[BlackTeam "Untergrombach"]
[WhiteTeamCountry "GER"]
[BlackTeamCountry "GER"]

1. d4 d5 2. c4 c6 3. Nc3 Nf6 4. e3 e6 5. Nf3 Nbd7 6. Qc2 Bd6 7. Bd3 0-0 8. 0-0 dxc4 9. Bxc4 b5 10. Be2 Bb7 11. e4 e5 12. dxe5 Nxe5 13. Nd4 Qc7 14. Nf5 Bc5 15. b4 Bb6 16. Bg5 Neg4 17. g3 g6 18. Bf4 Ne5 19. Ne3 Qe7 20. Rad1 Rfe8 21. Qb2 a5 22. a3 axb4 23. axb4 Kg7 24. Rd2 Rad8 25. Rxd8 Bxd8 26. Rd1 Bc7 27. Nc2 Bb6 28. Be3 Qc7 29. Kg2 Kg8 30. f4 Neg4 31. Bc5 Bxc5 32. bxc5 h5 33. Bf3 Nd7 34. Qb4 Ra8 35. e5 Nf8 36. Rd6 Ne6 37. Be4 Ra5 38. Bxg6 fxg6 39. Rxe6 Kg7 40. h3 Nh6 41. Nd4 Ra8 42. Rd6 1-0

[Event "Berlin Lichtenberger op 13th"]
[Site "Berlin"]
[Date "2014.08.19"]
[Round "4"]
[White "Braun, Arik"]
[Black "Fuchs, Heinz"]
[Result "1-0"]
[WhiteElo "2544"]
[BlackElo "2353"]
[PlyCount "45"]
[EventDate "2014.08.16"]
[EventType "swiss"]
[EventRounds "9"]
[EventCountry "GER"]
[SourceTitle "CBM 161 Extra"]
[Source "ChessBase"]
[SourceDate "2014.08.29"]
[SourceVersion "1"]
[SourceVersionDate "2014.08.29"]
[SourceQuality "1"]

1. d4 d5 2. c4 c6 3. Nf3 Nf6 4. Nc3 a6 5. a4 e6 6. g3 a5 7. Bg2 Be7 8. 0-0 0-0 9. Ne5 Na6 10. e4 Nb4 11. Be3 b6 12. Nxc6 Nxc6 13. exd5 exd5 14. cxd5 Bg4 15. f3 Bd7 16. dxc6 Bxc6 17. Bf2 Nd5 18. Qb3 Qd7 19. Rfe1 Rfd8 20. f4 Bf6 21. Nxd5 Bxd5 22. Bxd5 Qxd5 23. Re8+ 1-0